Agricultural wages in India, 1979-80 (Record no. 508482)

000 -LEADER
fixed length control field 00724cam a22001457a 4500
008 - FIXED-LENGTH DATA ELEMENTS--GENERAL INFORMATION
fixed length control field 180718b-- xxu||||| |||| 00| 0 eng d
082 ## - DEWEY DECIMAL CLASSIFICATION NUMBER
Classification number Z472x54 W/1979-80
100 ## - MAIN ENTRY--PERSONAL NAME
Personal name India. Ministry of Agriculture. Department of Agriculture and Co-operation. Directorate of Economics and Statistics.
9 (RLIN) 3825
245 ## - TITLE STATEMENT
Title Agricultural wages in India, 1979-80
Statement of responsibility, etc by Directorate of Economics and Statistics, Department of Agriculture and Co-operation, Ministry of Agriculture
260 ## - PUBLICATION, DISTRIBUTION, ETC. (IMPRINT)
Place of publication, distribution, etc Delhi
Name of publisher, distributor, etc The Controller of Publications
Date of publication, distribution, etc 1980
300 ## - PHYSICAL DESCRIPTION
Extent 295p.
500 ## - GENERAL NOTE
General note Library has 1952 (2v), 1953/54-1960/61, 1962/63, 1968/69, 1970/71-1971/72, 1975/76 & 1980/81, 1982/83-1996/97
650 ## - SUBJECT ADDED ENTRY--TOPICAL TERM
Topical term or geographic name as entry element Agricultural wages - India
9 (RLIN) 3826
942 ## - ADDED ENTRY ELEMENTS (KOHA)
Source of classification or shelving scheme

No items available.

Powered by Koha